| 000 | 00484nam a22001817a 4500 | ||
|---|---|---|---|
| 003 | CEME | ||
| 005 | 20210628203334.0 | ||
| 008 | 210126b xxu||||| |||| 00| 0 eng d | ||
| 020 | _a9788173198540 | ||
| 040 | _c. | ||
| 082 | _a519.6 CHA | ||
| 100 |
_aChandra, Suresh, Jayadeva, Mehra, Aparna _964822 |
||
| 245 | _aNumerical optimization with applicaitons | ||
| 260 |
_aINDIA _bNAROSA _c2009 |
||
| 300 | _aXIII,694P | ||
| 650 |
_aNUMERICAL OPTIMIZATION. _964823 |
||
| 942 |
_cBK _2ddc |
||
| 999 |
_c573204 _d573204 |
||